00610nam a2200169 a 4500008004100000020001500041050001600056100001800072245003800090250001200128260002900140300002100169350000900190995009200199999001700291952013200308120416s0000 ||||||||||||||||| || u a1850911029 aHF 5635 Goc aGoch, Desmond10aFinance and accounts for managers a5th ed. aLondonbKogan Pagec1986 a(11) 128p. : ill a0.00 D0.00FCBU-MAIN LIBRARY (Kitwe)H1I5.95UAVAILABLEZMain Library Open Access Collection c43284d43284 00102lcc4070a001b001cMain Library Open Access Collectiond2022-11-30l0oHF 5635 Gocp005448r2022-11-30w2022-11-30y002